[Event "EYCC 2024 - O10"]
[Site "?"]
[Date "2024.08.26"]
[Round "5.1"]
[White "Li, Yunqi"]
[Black "Kolodziejczyk, Boris"]
[Result "1/2-1/2"]
[BlackElo "1983"]
[WhiteElo "1968"]
[LiveChessVersion "1.4.8"]

1. d4 {[%clk 1:30:55]} Nf6 {[%clk 1:30:44]} 2. Nf3 {[%clk 1:31:17]} g6
{[%clk 1:31:08]} 3. c4 {[%clk 1:31:21]} Bg7 {[%clk 1:31:11]} 4. Nc3
{[%clk 1:31:43]} O-O {[%clk 1:31:06]} 5. e4 {[%clk 1:31:37]} d6 {[%clk 1:31:30]}
6. Be2 {[%clk 1:31:57]} e5 {[%clk 1:31:22]} 7. O-O {[%clk 1:31:36]} Bg4
{[%clk 1:29:58]} 8. d5 {[%clk 1:27:56]} a5 {[%clk 1:28:24]} 9. Be3
{[%clk 1:21:43]} Na6 {[%clk 1:25:54]} 10. h3 {[%clk 1:18:18]} Bd7
{[%clk 1:18:10]} 11. b3 {[%clk 1:12:05]} Nh5 {[%clk 1:07:19]} 12. Nd2
{[%clk 0:52:56]} Nf4 {[%clk 1:05:31]} 13. Bxf4 {[%clk 0:48:27]} exf4
{[%clk 1:05:31]} 14. Rc1 {[%clk 0:48:41]} a4 {[%clk 0:58:32]} 15. Bd3
{[%clk 0:33:46]} axb3 {[%clk 0:52:04]} 16. axb3 {[%clk 0:31:37]} Nb4
{[%clk 0:51:58]} 17. Nf3 {[%clk 0:30:58]} g5 {[%clk 0:41:21]} 18. Qd2
{[%clk 0:28:19]} h5 {[%clk 0:38:32]} 19. Ne1 {[%clk 0:22:37]} Qe7
{[%clk 0:34:56]} 20. Be2 {[%clk 0:18:35]} h4 {[%clk 0:32:34]} 21. Bf3
{[%clk 0:17:13]} Ra3 {[%clk 0:28:11]} 22. Rb1 {[%clk 0:17:02]} c5
{[%clk 0:16:54]} 23. dxc6 {[%clk 0:16:08]} bxc6 {[%clk 0:17:11]} 24. Nd3
{[%clk 0:14:30]} Nxd3 {[%clk 0:17:10]} 25. Qxd3 {[%clk 0:14:52]} Rb8
{[%clk 0:16:47]} 26. Ne2 {[%clk 0:14:03]} Be5 {[%clk 0:15:02]} 27. Rfd1
{[%clk 0:14:17]} c5 {[%clk 0:13:28]} 28. Qc2 {[%clk 0:14:16]} Qf6
{[%clk 0:13:42]} 29. Rd3 {[%clk 0:14:15]} Rba8 {[%clk 0:11:38]} 30. Nc3
{[%clk 0:12:55]} Bc6 {[%clk 0:10:34]} 31. Kh2 {[%clk 0:12:40]} Kg7
{[%clk 0:10:00]} 32. Kg1 {[%clk 0:10:26]} Ra1 {[%clk 0:09:22]} 33. Rxa1 Rxa1+ 34.
Kh2 {[%clk 0:10:01]} Bd4 {[%clk 0:09:33]} 35. Nd1 Qe5 {[%clk 0:09:45]} 36. Qe2
{[%clk 0:09:34]} Qe7 {[%clk 0:09:43]} 37. Nc3 {[%clk 0:09:27]} Qa7
{[%clk 0:09:33]} 38. Nd5 {[%clk 0:09:41]} Bxd5 {[%clk 0:09:09]} 39. exd5
{[%clk 0:09:56]} Qa5 {[%clk 0:09:13]} 40. Rxd4 {[%clk 0:08:00]} cxd4
{[%clk 0:09:13]} 41. Qe7 {[%clk 0:08:19]} Qa7 {[%clk 0:07:33]} 42. Qxg5+
{[%clk 0:08:25]} Kf8 {[%clk 0:06:25]} 43. Qd8+ {[%clk 0:08:24]} Kg7
{[%clk 0:06:49]} 44. Qg5+ {[%clk 0:07:02]} Kf8 {[%clk 0:07:12]} 45. Qxh4
{[%clk 0:06:41]} d3 {[%clk 0:06:24]} 46. Qd8+ {[%clk 0:06:49]} Kg7
{[%clk 0:06:33]} 47. Qg5+ {[%clk 0:06:42]} 1/2-1/2

[Event "EYCC 2024 - O10"]
[Site "?"]
[Date "2024.08.26"]
[Round "5.2"]
[White "Llari, Marc"]
[Black "Larion, Iustin"]
[Result "1/2-1/2"]
[BlackElo "1902"]
[WhiteElo "2224"]
[LiveChessVersion "1.4.8"]

1. e4 {[%clk 1:30:59]} c6 {[%clk 1:30:52]} 2. d4 {[%clk 1:31:26]} d5
{[%clk 1:31:08]} 3. e5 {[%clk 1:31:54]} c5 {[%clk 1:31:27]} 4. dxc5
{[%clk 1:32:19]} e6 {[%clk 1:31:52]} 5. c3 {[%clk 1:32:43]} Nd7 {[%clk 1:32:08]}
6. Nf3 {[%clk 1:32:52]} Bxc5 {[%clk 1:32:30]} 7. Nbd2 {[%clk 1:33:06]} Qb6
{[%clk 1:32:20]} 8. Qe2 {[%clk 1:33:28]} a5 {[%clk 1:31:52]} 9. Nb3
{[%clk 1:32:35]} Ne7 {[%clk 1:31:56]} 10. Nxc5 {[%clk 1:31:21]} Nxc5
{[%clk 1:31:55]} 11. Be3 {[%clk 1:25:25]} Qc7 {[%clk 1:31:49]} 12. Bxc5
{[%clk 1:23:24]} Qxc5 {[%clk 1:32:12]} 13. Qd2 {[%clk 1:23:44]} Bd7
{[%clk 1:19:02]} 14. Bd3 {[%clk 1:22:22]} Bb5 {[%clk 1:16:19]} 15. O-O
{[%clk 1:21:15]} Bxd3 {[%clk 1:14:50]} 16. Qxd3 {[%clk 1:21:42]} O-O
{[%clk 1:12:08]} 17. Ng5 {[%clk 1:14:45]} Ng6 {[%clk 1:11:56]} 18. Rfe1
{[%clk 1:10:17]} h6 {[%clk 0:54:59]} 19. Nf3 {[%clk 1:09:26]} a4 {[%clk 0:53:41]}
20. a3 {[%clk 1:09:18]} Ra6 {[%clk 0:49:25]} 21. g3 {[%clk 1:09:12]} Rc8
{[%clk 0:48:18]} 22. Re2 {[%clk 1:08:11]} Ne7 {[%clk 0:40:34]} 23. Kg2
{[%clk 1:06:18]} Nc6 {[%clk 0:38:24]} 24. h4 {[%clk 1:05:52]} Na5
{[%clk 0:36:24]} 25. Rc1 {[%clk 1:05:40]} Rb6 {[%clk 0:31:54]} 26. Rcc2
{[%clk 1:05:00]} Nb3 {[%clk 0:29:40]} 27. Nd2 {[%clk 0:57:23]} Nd4
{[%clk 0:29:12]} 28. Ne4 {[%clk 0:56:36]} dxe4 {[%clk 0:28:19]} 29. Qxd4
{[%clk 0:56:35]} Qxd4 {[%clk 0:27:52]} 30. cxd4 {[%clk 0:57:03]} Rxc2
{[%clk 0:26:39]} 31. Rxc2 {[%clk 0:57:22]} Rb3 {[%clk 0:25:51]} 32. h5
{[%clk 0:53:35]} Rd3 {[%clk 0:25:21]} 33. Rc4 {[%clk 0:53:38]} Rd2
{[%clk 0:25:39]} 34. Kf1 {[%clk 0:53:55]} 1/2-1/2

[Event "EYCC 2024 - O10"]
[Site "?"]
[Date "2024.08.26"]
[Round "5.3"]
[White "Nakonechnyi, Oleksii"]
[Black "Orman, Attila"]
[Result "1/2-1/2"]
[BlackElo "2090"]
[WhiteElo "1891"]
[LiveChessVersion "1.4.8"]

1. Nf3 {[%clk 1:30:55]} Nf6 {[%clk 1:30:56]} 2. g3 {[%clk 1:31:05]} g6
{[%clk 1:31:22]} 3. Bg2 {[%clk 1:31:29]} Bg7 {[%clk 1:31:47]} 4. O-O
{[%clk 1:31:46]} O-O {[%clk 1:32:10]} 5. c4 {[%clk 1:32:15]} d6 {[%clk 1:32:30]}
6. Nc3 {[%clk 1:32:40]} e5 {[%clk 1:32:55]} 7. e4 Nc6 {[%clk 1:15:10]} 8. d3
{[%clk 1:32:18]} Be6 {[%clk 1:08:24]} 9. h3 {[%clk 1:29:09]} Qd7 {[%clk 1:07:04]}
10. Ng5 {[%clk 1:27:52]} h6 {[%clk 1:06:44]} 11. Nxe6 {[%clk 1:28:17]} fxe6
{[%clk 1:07:10]} 12. Be3 {[%clk 1:27:30]} Rf7 {[%clk 1:07:00]} 13. Rb1
{[%clk 1:26:05]} a5 {[%clk 1:00:42]} 14. a3 {[%clk 1:21:51]} Nd4 {[%clk 0:48:00]}
15. b4 {[%clk 1:16:42]} c6 {[%clk 0:40:45]} 16. Ne2 {[%clk 1:05:54]} Nxe2+
{[%clk 0:36:27]} 17. Qxe2 {[%clk 1:06:22]} d5 {[%clk 0:36:47]} 18. exd5
{[%clk 0:59:48]} exd5 {[%clk 0:36:18]} 19. Bb6 {[%clk 1:00:04]} axb4
{[%clk 0:36:28]} 20. axb4 {[%clk 1:00:26]} e4 {[%clk 0:33:45]} 21. dxe4
{[%clk 0:58:02]} Nxe4 {[%clk 0:33:02]} 22. Bxe4 {[%clk 0:50:46]} dxe4
{[%clk 0:33:19]} 23. Qxe4 {[%clk 0:50:02]} Qxh3 {[%clk 0:33:42]} 24. Rbd1
{[%clk 0:46:30]} g5 {[%clk 0:27:02]} 25. Bd4 {[%clk 0:42:15]} Bxd4
{[%clk 0:25:37]} 26. Qxd4 {[%clk 0:40:27]} Raf8 {[%clk 0:25:33]} 27. Qe4
{[%clk 0:37:57]} Rf3 {[%clk 0:21:42]} 28. Rd3 {[%clk 0:30:36]} Rxd3
{[%clk 0:17:41]} 29. Qxd3 {[%clk 0:29:40]} Qf5 {[%clk 0:16:19]} 30. Qxf5
{[%clk 0:28:53]} Rxf5 {[%clk 0:16:44]} 31. Rd1 {[%clk 0:28:19]} Rf3
{[%clk 0:14:21]} 32. Kg2 {[%clk 0:27:17]} Rf7 {[%clk 0:12:52]} 33. Rd6
{[%clk 0:24:14]} Kg7 {[%clk 0:13:10]} 34. f3 {[%clk 0:24:17]} Rf6
{[%clk 0:13:27]} 35. Rd3 {[%clk 0:22:59]} h5 {[%clk 0:12:17]} 36. c5
{[%clk 0:22:38]} Kg6 {[%clk 0:11:15]} 37. Rd4 {[%clk 0:22:25]} Rf7
{[%clk 0:10:02]} 38. Rd6+ {[%clk 0:21:27]} Rf6 {[%clk 0:09:53]} 39. Rd7
{[%clk 0:21:48]} Rf7 {[%clk 0:10:18]} 40. Rd6+ {[%clk 0:22:12]} 1/2-1/2

[Event "EYCC 2024 - O10"]
[Site "?"]
[Date "2024.08.26"]
[Round "5.4"]
[White "Szakolczai, Alex"]
[Black "Uzdemir, Ali Poyraz"]
[Result "0-1"]
[BlackElo "2008"]
[WhiteElo "1962"]
[LiveChessVersion "1.4.8"]

1. d4 {[%clk 1:30:59]} Nf6 {[%clk 1:30:51]} 2. Nf3 {[%clk 1:31:17]} e6
{[%clk 1:31:13]} 3. g3 {[%clk 1:31:33]} c5 {[%clk 1:30:57]} 4. Bg2
{[%clk 1:31:53]} d5 {[%clk 1:30:28]} 5. c4 {[%clk 1:32:01]} Nc6 {[%clk 1:14:26]}
6. O-O {[%clk 1:32:16]} dxc4 {[%clk 1:13:31]} 7. Qa4 {[%clk 1:32:27]} Bd7
{[%clk 1:12:27]} 8. Qxc4 {[%clk 1:32:45]} b5 {[%clk 1:12:37]} 9. Qd3
{[%clk 1:33:07]} c4 {[%clk 1:11:58]} 10. Qc2 {[%clk 1:33:30]} Rc8
{[%clk 1:11:41]} 11. Bf4 {[%clk 1:18:31]} Nb4 {[%clk 1:05:42]} 12. Qd1
{[%clk 1:18:25]} Nbd5 {[%clk 1:01:22]} 13. Bg5 {[%clk 1:18:38]} Qa5
{[%clk 0:54:20]} 14. Ne5 {[%clk 1:17:52]} b4 {[%clk 0:49:35]} 15. e4
{[%clk 0:54:08]} Nb6 {[%clk 0:39:54]} 16. Nd2 {[%clk 0:40:30]} Be7
{[%clk 0:27:23]} 17. Re1 {[%clk 0:33:55]} Bb5 {[%clk 0:23:58]} 18. d5
{[%clk 0:28:30]} O-O {[%clk 0:19:33]} 19. dxe6 {[%clk 0:27:58]} fxe6
{[%clk 0:19:54]} 20. Bh3 {[%clk 0:14:00]} Rcd8 {[%clk 0:10:09]} 21. Bxe6+
{[%clk 0:13:11]} Kh8 {[%clk 0:10:37]} 22. Nf7+ {[%clk 0:11:11]} Rxf7
{[%clk 0:10:56]} 23. Bxf7 {[%clk 0:11:38]} Ba4 {[%clk 0:11:09]} 24. Qc1
{[%clk 0:10:12]} Qxg5 {[%clk 0:11:22]} 25. Nxc4 {[%clk 0:10:25]} Qc5
{[%clk 0:09:47]} 26. b3 {[%clk 0:09:22]} Bb5 {[%clk 0:08:56]} 27. Nxb6
{[%clk 0:09:29]} Qxb6 {[%clk 0:09:21]} 28. Qf4 {[%clk 0:09:14]} Rf8
{[%clk 0:09:16]} 29. Bc4 {[%clk 0:07:48]} Nd5 {[%clk 0:07:26]} 30. Qd2
{[%clk 0:06:51]} Rxf2 {[%clk 0:07:36]} 31. Qxf2 {[%clk 0:05:52]} Bc5
{[%clk 0:08:02]} 32. Rf1 {[%clk 0:05:34]} Bxf2+ {[%clk 0:07:52]} 33. Rxf2
{[%clk 0:06:03]} Bxc4 {[%clk 0:08:11]} 34. bxc4 {[%clk 0:06:28]} Nf6
{[%clk 0:08:38]} 35. Kg2 {[%clk 0:06:24]} Qc6 {[%clk 0:08:42]} 36. Re1
{[%clk 0:06:24]} h6 {[%clk 0:08:54]} 37. Rfe2 {[%clk 0:06:36]} Qxc4
{[%clk 0:08:24]} 38. e5 {[%clk 0:06:57]} Nd5 {[%clk 0:07:08]} 39. e6
{[%clk 0:06:46]} Ne7 {[%clk 0:07:07]} 40. Rd2 {[%clk 0:05:28]} a5
{[%clk 0:07:19]} 41. Rd7 {[%clk 0:05:34]} Qxa2+ {[%clk 0:07:24]} 42. Kh3
{[%clk 0:05:45]} Qf2 {[%clk 0:07:28]} 43. Re5 {[%clk 0:05:12]} Qf6
{[%clk 0:07:45]} 44. Rd8+ {[%clk 0:05:07]} Kh7 {[%clk 0:08:11]} 45. Rxa5
{[%clk 0:05:18]} Qxe6+ {[%clk 0:08:37]} 46. Kg2 {[%clk 0:05:32]} Nc6
{[%clk 0:09:03]} 0-1

[Event "EYCC 2024 - O10"]
[Site "?"]
[Date "2024.08.26"]
[Round "5.5"]
[White "Wu, Chenshan"]
[Black "Fuentes De Nova, Sebastian"]
[Result "1-0"]
[BlackElo "1896"]
[WhiteElo "1976"]
[LiveChessVersion "1.4.8"]

1. d4 {[%clk 1:30:56]} Nf6 {[%clk 1:30:50]} 2. c4 {[%clk 1:31:20]} e6
{[%clk 1:31:09]} 3. Nc3 {[%clk 1:31:45]} Bb4 {[%clk 1:31:23]} 4. Qc2
{[%clk 1:32:10]} c5 {[%clk 1:31:44]} 5. dxc5 {[%clk 1:32:13]} Na6
{[%clk 1:32:06]} 6. a3 {[%clk 1:31:02]} Bxc3+ {[%clk 1:32:30]} 7. Qxc3
{[%clk 1:31:25]} Nxc5 8. b4 {[%clk 1:27:12]} Nce4 {[%clk 1:32:59]} 9. Qb2
{[%clk 1:26:53]} d5 {[%clk 1:32:14]} 10. c5 {[%clk 1:25:12]} d4 {[%clk 1:31:18]}
11. e3 {[%clk 1:14:29]} Ng4 {[%clk 1:25:12]} 12. Nh3 {[%clk 1:12:44]} e5
{[%clk 1:17:47]} 13. exd4 {[%clk 1:06:42]} exd4 {[%clk 1:16:24]} 14. Bb5+
{[%clk 1:03:48]} Kf8 {[%clk 1:13:29]} 15. O-O {[%clk 1:03:09]} Nc3
{[%clk 1:13:31]} 16. Be2 {[%clk 0:59:30]} a5 {[%clk 1:08:12]} 17. Bf4
{[%clk 0:52:58]} h6 {[%clk 1:01:36]} 18. Bd6+ {[%clk 0:47:01]} Kg8
{[%clk 1:01:42]} 19. Nf4 {[%clk 0:46:12]} Nf6 {[%clk 0:57:24]} 20. Bd3
{[%clk 0:37:53]} Ne8 {[%clk 0:46:23]} 21. Be5 {[%clk 0:34:44]} f6
{[%clk 0:44:03]} 22. Qb3+ {[%clk 0:33:49]} Nd5 {[%clk 0:43:01]} 23. Nxd5
{[%clk 0:31:36]} Be6 {[%clk 0:42:44]} 24. Bd6 {[%clk 0:29:29]} Nxd6
{[%clk 0:42:47]} 25. cxd6 {[%clk 0:29:51]} Qxd6 {[%clk 0:42:28]} 26. Bc4
{[%clk 0:29:59]} a4 {[%clk 0:42:18]} 27. Qa2 {[%clk 0:29:26]} Kf8
{[%clk 0:42:22]} 28. Nf4 {[%clk 0:26:36]} Qxf4 {[%clk 0:41:30]} 29. Bxe6
{[%clk 0:26:54]} Rd8 {[%clk 0:41:43]} 30. Qc4 {[%clk 0:26:07]} g5
{[%clk 0:40:08]} 31. Qc5+ {[%clk 0:24:59]} Qd6 {[%clk 0:40:03]} 32. Qxd6+
{[%clk 0:25:20]} Rxd6 {[%clk 0:40:30]} 33. Bf5 {[%clk 0:25:25]} Kf7
{[%clk 0:40:42]} 34. Rac1 {[%clk 0:25:11]} Re8 {[%clk 0:40:41]} 35. Rc7+
{[%clk 0:25:04]} Re7 {[%clk 0:40:42]} 36. Rxe7+ {[%clk 0:25:14]} Kxe7
{[%clk 0:41:04]} 37. Rc1 {[%clk 0:25:05]} d3 {[%clk 0:39:59]} 38. Rd1
{[%clk 0:25:27]} Rc6 {[%clk 0:39:29]} 39. g4 {[%clk 0:25:36]} Rc3
{[%clk 0:38:40]} 40. Rxd3 {[%clk 0:25:54]} Rxd3 {[%clk 0:39:00]} 41. Bxd3
{[%clk 0:26:16]} Kd6 {[%clk 0:39:23]} 42. Bb5 {[%clk 0:26:38]} Kd5
{[%clk 0:39:24]} 43. Bxa4 {[%clk 0:27:02]} Kc4 {[%clk 0:39:47]} 44. Kg2
{[%clk 0:27:27]} Kc3 {[%clk 0:40:10]} 45. Kf3 {[%clk 0:27:51]} Kb2
{[%clk 0:40:34]} 46. Bd7 {[%clk 0:28:07]} Kxa3 {[%clk 0:40:58]} 47. b5
{[%clk 0:28:31]} Kb4 {[%clk 0:41:07]} 48. Ke4 {[%clk 0:28:57]} Kc5
{[%clk 0:41:14]} 49. Kf5 {[%clk 0:29:22]} b6 {[%clk 0:41:40]} 50. Kxf6
{[%clk 0:29:46]} Kd4 {[%clk 0:42:05]} 51. Kg6 {[%clk 0:30:09]} 1-0

[Event "EYCC 2024 - O10"]
[Site "?"]
[Date "2024.08.26"]
[Round "5.6"]
[White "Ivanovic, Leonid"]
[Black "Railwani, Tavish"]
[Result "1-0"]
[BlackElo "1827"]
[WhiteElo "2006"]
[LiveChessVersion "1.4.8"]

1. e4 {[%clk 1:30:31]} e6 {[%clk 1:30:13]} 2. d4 {[%clk 1:30:40]} d5
{[%clk 1:30:27]} 3. Nc3 {[%clk 1:30:51]} Be7 {[%clk 1:30:34]} 4. Nf3
{[%clk 1:30:44]} Nf6 5. Bd3 {[%clk 1:27:18]} c5 {[%clk 1:30:37]} 6. exd5
{[%clk 1:25:40]} exd5 {[%clk 1:30:24]} 7. dxc5 {[%clk 1:25:14]} Bxc5
{[%clk 1:30:37]} 8. O-O {[%clk 1:24:34]} O-O {[%clk 1:29:52]} 9. Bg5
{[%clk 1:22:52]} Be6 {[%clk 1:28:57]} 10. Ne2 {[%clk 1:21:55]} Nbd7
{[%clk 1:25:21]} 11. a4 {[%clk 1:08:34]} h6 {[%clk 1:14:41]} 12. Bd2
{[%clk 0:58:12]} Re8 {[%clk 1:13:54]} 13. b4 {[%clk 0:54:37]} Bd6
{[%clk 1:14:02]} 14. Ng3 {[%clk 0:51:41]} Ne5 {[%clk 1:08:48]} 15. Bb5
{[%clk 0:46:26]} Re7 {[%clk 1:01:56]} 16. Nd4 {[%clk 0:42:19]} a6
{[%clk 0:59:46]} 17. Be2 {[%clk 0:41:27]} Nc6 {[%clk 0:57:04]} 18. Ndf5
{[%clk 0:38:50]} Re8 {[%clk 0:56:57]} 19. b5 {[%clk 0:37:27]} axb5
{[%clk 0:56:57]} 20. axb5 {[%clk 0:37:02]} Rxa1 {[%clk 0:55:19]} 21. Qxa1
{[%clk 0:34:14]} Be5 {[%clk 0:55:34]} 22. Qa4 {[%clk 0:27:01]} Nb8
{[%clk 0:53:35]} 23. Bd3 {[%clk 0:23:28]} Nbd7 {[%clk 0:52:38]} 24. Be3
{[%clk 0:17:16]} b6 {[%clk 0:52:17]} 25. Re1 {[%clk 0:16:10]} Bc3
{[%clk 0:50:31]} 26. Rd1 {[%clk 0:14:18]} Nc5 {[%clk 0:49:42]} 27. Qh4
{[%clk 0:12:54]} Nfe4 {[%clk 0:46:05]} 28. Qxd8 {[%clk 0:12:38]} Rxd8
{[%clk 0:46:29]} 29. Bxe4 {[%clk 0:12:31]} Nxe4 {[%clk 0:46:21]} 30. Nxe4
{[%clk 0:12:55]} Bxf5 {[%clk 0:46:12]} 31. Nxc3 {[%clk 0:13:15]} Bxc2
{[%clk 0:46:29]} 32. Rxd5 {[%clk 0:13:20]} Rc8 {[%clk 0:46:32]} 33. Bd4
{[%clk 0:12:03]} Bb3 {[%clk 0:46:03]} 34. Rd6 {[%clk 0:12:14]} Ba4
{[%clk 0:45:49]} 35. h3 {[%clk 0:12:12]} Rc4 {[%clk 0:45:58]} 36. Nxa4
{[%clk 0:12:25]} Rxa4 {[%clk 0:46:20]} 37. Bxb6 {[%clk 0:12:46]} Rb4
{[%clk 0:46:48]} 38. Rd8+ {[%clk 0:12:53]} Kh7 {[%clk 0:47:07]} 39. Rd5
{[%clk 0:13:17]} Kg6 {[%clk 0:47:26]} 40. Be3 {[%clk 0:13:28]} Kf6
{[%clk 0:47:50]} 41. b6 {[%clk 0:13:45]} Ke6 {[%clk 0:48:12]} 42. Rd8
{[%clk 0:13:59]} Ke7 {[%clk 0:48:37]} 43. Bc5+ {[%clk 0:14:22]} Kxd8
{[%clk 0:48:52]} 44. Bxb4 {[%clk 0:14:48]} Kc8 {[%clk 0:49:17]} 45. Kf1
{[%clk 0:15:13]} Kb7 {[%clk 0:49:44]} 46. Bc5 {[%clk 0:15:38]} Kc6
{[%clk 0:50:11]} 47. Ke2 {[%clk 0:16:03]} f5 {[%clk 0:50:36]} 48. Ke3
{[%clk 0:16:29]} g5 {[%clk 0:51:03]} 49. Kd4 {[%clk 0:16:53]} g4 {[%clk 0:51:27]}
50. Ke5 {[%clk 0:17:12]} gxh3 {[%clk 0:51:44]} 51. gxh3 {[%clk 0:17:30]} 1-0

[Event "EYCC 2024 - O10"]
[Site "?"]
[Date "2024.08.26"]
[Round "5.7"]
[White "Mammadov, Jamal"]
[Black "Lishoy Gengis Paratazham, Dildarav"]
[Result "0-1"]
[BlackElo "1962"]
[WhiteElo "1614"]
[LiveChessVersion "1.4.8"]

1. e4 {[%clk 1:30:35]} d6 {[%clk 1:30:53]} 2. d4 {[%clk 1:30:56]} Nf6
{[%clk 1:31:20]} 3. Nc3 {[%clk 1:31:09]} e5 {[%clk 1:31:44]} 4. Nf3
{[%clk 1:31:21]} Nbd7 {[%clk 1:32:09]} 5. Rg1 {[%clk 1:31:45]} g6
{[%clk 1:32:21]} 6. g4 h6 {[%clk 1:27:14]} 7. Be3 {[%clk 1:30:09]} c6
{[%clk 1:26:36]} 8. h3 {[%clk 1:29:49]} Qc7 {[%clk 1:24:21]} 9. Qd2
{[%clk 1:27:32]} Nb6 {[%clk 1:17:03]} 10. Bd3 Bd7 {[%clk 1:07:48]} 11. a4
{[%clk 1:18:18]} Be6 {[%clk 1:00:06]} 12. d5 {[%clk 1:15:10]} Bd7
{[%clk 0:58:26]} 13. a5 {[%clk 1:13:27]} Nc8 {[%clk 0:58:55]} 14. Bc4
{[%clk 1:13:27]} c5 {[%clk 0:57:09]} 15. Qd3 {[%clk 1:13:08]} a6 {[%clk 0:57:05]}
16. Ke2 {[%clk 1:11:45]} Bg7 {[%clk 0:53:42]} 17. Rgb1 {[%clk 1:10:08]} h5
{[%clk 0:48:25]} 18. g5 {[%clk 1:04:38]} Nh7 {[%clk 0:48:45]} 19. Ng1
{[%clk 1:04:06]} O-O {[%clk 0:42:58]} 20. b4 {[%clk 1:00:47]} cxb4
{[%clk 0:40:34]} 21. Rxb4 {[%clk 0:58:28]} Ne7 {[%clk 0:39:17]} 22. Rab1
{[%clk 0:56:55]} Rfb8 {[%clk 0:38:10]} 23. Qd2 {[%clk 0:53:37]} f5
{[%clk 0:32:38]} 24. gxf6 {[%clk 0:48:37]} Nxf6 {[%clk 0:31:26]} 25. Qc1
{[%clk 0:47:39]} Rf8 {[%clk 0:28:55]} 26. Bd3 {[%clk 0:43:50]} Qc8
{[%clk 0:19:06]} 27. Rc4 {[%clk 0:43:53]} Qd8 {[%clk 0:14:20]} 28. Rxb7
{[%clk 0:41:59]} Rc8 {[%clk 0:13:52]} 29. Bb6 {[%clk 0:41:53]} Qe8
{[%clk 0:14:14]} 30. Rxc8 {[%clk 0:41:28]} Bxc8 {[%clk 0:14:23]} 31. Ra7
{[%clk 0:40:40]} Kh7 {[%clk 0:13:43]} 32. Qa3 {[%clk 0:39:43]} Qf7
{[%clk 0:11:04]} 33. Qxd6 {[%clk 0:38:39]} Bd7 {[%clk 0:09:09]} 34. Nf3
{[%clk 0:38:29]} Bh6 {[%clk 0:06:35]} 35. Nxe5 {[%clk 0:38:42]} Qg7
{[%clk 0:06:50]} 36. Nxd7 {[%clk 0:38:43]} Nxd7 {[%clk 0:06:49]} 37. Qxd7
{[%clk 0:37:08]} Rf7 {[%clk 0:06:52]} 38. d6 {[%clk 0:36:58]} Qxc3
{[%clk 0:06:47]} 39. dxe7 {[%clk 0:35:16]} Qd2+ {[%clk 0:06:43]} 40. Kf1
{[%clk 0:34:42]} Qc1+ {[%clk 0:05:58]} 41. Kg2 {[%clk 0:34:49]} Qg5+
{[%clk 0:06:19]} 42. Kh2 {[%clk 0:35:08]} Qf4+ {[%clk 0:06:36]} 43. Kh1
{[%clk 0:35:29]} Qc1+ {[%clk 0:06:28]} 44. Kg2 {[%clk 0:30:51]} Qg5+
{[%clk 0:06:50]} 45. Qg4 {[%clk 0:28:02]} hxg4 {[%clk 0:07:10]} 46. h4
{[%clk 0:28:19]} Qe5 {[%clk 0:07:07]} 47. Bd4 {[%clk 0:25:59]} Qxd4
{[%clk 0:06:01]} 0-1

[Event "EYCC 2024 - O10"]
[Site "?"]
[Date "2024.08.26"]
[Round "5.8"]
[White "Zhang, Junyi"]
[Black "Aghajanov, Eldar"]
[Result "1-0"]
[BlackElo "1667"]
[WhiteElo "1936"]
[LiveChessVersion "1.4.8"]

1. e4 {[%clk 1:30:42]} e5 {[%clk 1:30:30]} 2. Nf3 {[%clk 1:31:06]} Nc6
{[%clk 1:30:54]} 3. Bc4 {[%clk 1:31:30]} Bc5 {[%clk 1:30:49]} 4. c3
{[%clk 1:31:56]} Nf6 {[%clk 1:31:07]} 5. d4 {[%clk 1:32:18]} exd4
{[%clk 1:31:30]} 6. e5 {[%clk 1:32:45]} d5 {[%clk 1:31:01]} 7. Bb5
{[%clk 1:33:09]} Ne4 {[%clk 1:28:28]} 8. cxd4 {[%clk 1:33:09]} Bb4+
{[%clk 1:28:28]} 9. Bd2 {[%clk 1:33:09]} Nxd2 {[%clk 1:28:28]} 10. Nbxd2
{[%clk 1:33:09]} Bd7 {[%clk 1:28:28]} 11. O-O {[%clk 1:33:09]} O-O
{[%clk 1:28:28]} 12. a3 {[%clk 1:33:09]} Bxd2 {[%clk 1:28:28]} 13. Bxc6
{[%clk 1:33:09]} bxc6 {[%clk 1:28:28]} 14. Qxd2 {[%clk 1:33:09]} Rb8
{[%clk 1:28:28]} 15. Rfc1 {[%clk 1:33:09]} Rb6 {[%clk 1:28:28]} 16. Rc3
{[%clk 1:33:09]} Qe7 {[%clk 1:28:28]} 17. b4 {[%clk 1:33:09]} Rfb8
{[%clk 1:28:28]} 18. Rac1 {[%clk 1:33:09]} Ra6 {[%clk 1:28:28]} 19. Ne1
{[%clk 1:33:09]} Rab6 {[%clk 1:28:28]} 20. Nd3 {[%clk 1:33:09]} Rb5
{[%clk 1:28:28]} 21. Nc5 {[%clk 1:33:09]} R8b6 {[%clk 1:28:28]} 22. Nb3
{[%clk 1:33:09]} Ra6 {[%clk 1:28:28]} 23. Na5 {[%clk 1:33:09]} h6
{[%clk 1:28:28]} 24. Nxc6 {[%clk 1:33:09]} Bxc6 {[%clk 1:28:28]} 25. Rxc6
{[%clk 1:33:09]} Rxa3 {[%clk 1:28:28]} 26. Rxc7 {[%clk 1:33:09]} Qxb4
{[%clk 1:28:28]} 27. Qf4 {[%clk 1:33:09]} Qf8 {[%clk 1:28:28]} 28. Rc8
{[%clk 1:33:09]} Rb8 {[%clk 1:28:28]} 29. Rxf8+ {[%clk 1:33:09]} Rxf8
{[%clk 1:28:28]} 30. g3 {[%clk 1:33:09]} a5 {[%clk 1:28:28]} 31. Qg4
{[%clk 1:33:09]} a4 {[%clk 1:28:28]} 32. Rc8 {[%clk 1:33:09]} Ra1+
{[%clk 1:28:28]} 33. Kg2 {[%clk 1:33:09]} Rb1 {[%clk 1:28:28]} 34. Rxf8+
{[%clk 1:33:09]} Kxf8 {[%clk 1:28:28]} 35. Qd7 {[%clk 1:33:09]} Rb8
{[%clk 1:28:28]} 36. Qd6+ {[%clk 1:33:09]} 1-0

[Event "EYCC 2024 - O10"]
[Site "?"]
[Date "2024.08.26"]
[Round "5.9"]
[White "Guirado Lara, Pablo"]
[Black "Torres, Lucas"]
[Result "1/2-1/2"]
[BlackElo "1861"]
[WhiteElo "1815"]
[LiveChessVersion "1.4.8"]

1. d4 {[%clk 1:30:59]} Nf6 {[%clk 1:30:53]} 2. Nf3 {[%clk 1:31:26]} g6
{[%clk 1:31:13]} 3. Bf4 {[%clk 1:31:52]} Bg7 {[%clk 1:31:08]} 4. h3
{[%clk 1:32:13]} O-O {[%clk 1:31:17]} 5. e3 {[%clk 1:32:40]} d6 {[%clk 1:31:15]}
6. Be2 {[%clk 1:33:04]} Re8 7. O-O Bf5 {[%clk 1:25:47]} 8. Nbd2 {[%clk 1:26:30]}
Nc6 {[%clk 1:18:29]} 9. Bh2 {[%clk 1:20:02]} a6 {[%clk 1:11:23]} 10. Re1
{[%clk 1:17:43]} h5 {[%clk 1:05:01]} 11. Nh4 {[%clk 1:04:21]} Bd7
{[%clk 1:03:57]} 12. Bc4 {[%clk 1:01:27]} b5 {[%clk 0:51:28]} 13. Bb3
{[%clk 1:00:25]} Na5 {[%clk 0:50:26]} 14. f4 {[%clk 0:56:52]} Nxb3
{[%clk 0:47:14]} 15. axb3 {[%clk 0:57:14]} e6 {[%clk 0:41:48]} 16. Nhf3
{[%clk 0:53:58]} d5 {[%clk 0:27:01]} 17. b4 {[%clk 0:51:22]} Ne4 1/2-1/2